000 00289nam a2200145Ia 4500
100 _aDooley
650 _aGeneral
942 _cBK
654 _aLaw
245 _aWage Administration
260 _bWILEY EASTERN LIMITED
_c2001
082 _a658.3
300 _a219
546 _aENGLISH
999 _c35480
_d35480